000 00475nam a22001697a 4500
005 20250113134143.0
008 250113b |||||||| |||| 00| 0 eng d
020 _a9780470037386
082 _a005.54
_bHAR-M
100 _aHarvey, Greg
245 _aExcel 2007 :
_bAll-in-one Desk Reference for Dummies /
_cGreg Harvey
260 _aUSA:
_bWiley:
_c2007.
300 _axiv, 776 p. :
_bill;
_c24 cm.
500 _ainclude index.
650 _aMicrosoft Office
999 _c36817
_d36817